000 01182nam a2200217Ia 4500
003 Ost
005 20260416102359.0
008 260416s9999||||xx |||||||||||||| ||und||
040 _cfsecg
041 _aara
082 _a1.64
100 _aلعرابي، رتيبة
_eمؤلف
245 0 _aالمعالجة الآلية و تحليل المعطيات /
_c رتيبة لعرابي
260 _aالجزائر
_bجامعة الجزائر3: كلية العلوم الإقتصادية، العلوم التجارية وعلوم التسيير
_c2021
300 _a86 ورقة
_bايضاحات
_c30 سم
504 _aالمراجع ص.85
520 _aالتعرف على برنامج SPSS ، التحليل الاستكشافي للبيانات في SPSS ، المقاييس الوصفية للسلسلة الاحصائية ، الرابع الاحصائية (الانحدار و الارتباط) تحليل الاستبيان .
653 _aالمعالجة الالية للبيانات
710 _aجامعة الجزائر3: كلية العلوم الإقتصادية، العلوم التجارية وعلوم التسيير
_eناشر علمي
942 _cHANDOUT
999 _c41324
_d41324